00626nmm a2200193 4500008004100000041000800041245004100049260004600090520000700136546001300143592002500156593000800181650001700189856004600206901001100252942001500263999001700278952013700295230116s2022 o | cat d acat aEl vocabulari del cavah[en línia] aVilafranca del PenedèsbD.O. Cavac2022 a63 acatalà aObra terminològica aKRV 0acaves961870 uhttps://www.cava.wine/ca/origen/glossari/ c<2022> cMO2ddcn0 c68455d68455 00104070aTERMCATbTERMCATd2023-01-16l0pP_68545r2023-01-16 00:00:00uhttps://www.cava.wine/ca/origen/glossari/w2023-01-16yMO